000 01164nam a2200277Ia 4500
001 ebr10019889
003 CaPaEBR
006 m o u
007 cr cn|||||||||
008 140910s2002 mau s 000 0 eng d
020 _z9781931836609
020 _z9780080555157 (ebook)
040 _aCaPaEBR
_cCaPaEBR
035 _a(OCoLC)559302587
050 1 4 _aTJ211.15
_b.A786 2002eb
245 0 0 _a10 cool Lego mindstorms
_h[electronic resource] :
_bultimate builders projects /
_cDavid Astolfo ...[et al.].
246 1 _iCover subtitle:
_aAmazing projects you can build in under an hour
260 _aRockland, Mass. :
_bSyngress Publishing, Inc. ;
_a[Berkeley, CA] :
_bDistributed by Publishers Group West,
_cc2002.
300 _axvi, 263 p.
533 _aElectronic reproduction.
_bPalo Alto, Calif. :
_cebrary,
_d2014.
_nAvailable via World Wide Web.
_nAccess may be limited to ebrary affiliated libraries.
650 0 _aRobots.
650 0 _aLEGO toys.
655 7 _aElectronic books.
_2local
710 2 _aebrary, Inc.
856 4 0 _uhttp://site.ebrary.com/lib/rucke/Doc?id=10019889
_zAn electronic book accessible through the World Wide Web; click to view
999 _c9242
_d9242